Quantitative mass spectrometry in life scienes. (Record no. 31718)

MARC details
000 -LEADER
fixed length control field 00320nam a2200121Ia 4500
082 ## - DEWEY DECIMAL CLASSIFICATION NUMBER
Item number LEE
245 #0 - TITLE STATEMENT
Title Quantitative mass spectrometry in life scienes.
260 ## - PUBLICATION, DISTRIBUTION, ETC. (IMPRINT)
Place of publication Amsterdam
Name of publisher Elsevier
Year of publication 1978
650 ## - SUBJECT ADDED ENTRY--TOPICAL TERM
Topical Term Mass spectrometry
700 ## - ADDED ENTRY--PERSONAL NAME
Personal name LEENHEER, A P De
942 ## - ADDED ENTRY ELEMENTS (KOHA)
Koha item type Books
Holdings
Withdrawn status Lost status Damaged status Not for loan Home library Current library Date acquired Full call number Accession Number Koha item type
        RRII Library RRII Library 16/12/2021 LEE 12258 Books